| 000 | 00692nam a2200217 i 4500 | ||
|---|---|---|---|
| 001 | 142064 | ||
| 003 | ES-MaACL | ||
| 005 | 20250815015906.0 | ||
| 007 | t| | ||
| 008 | 071002s1979 sp ||||1| spa d | ||
| 100 | 1 |
_aWalker, Geoffrey J. _9115926 |
|
| 245 | 1 | 0 |
_aPolítica española y comercio colonial 1700-1789 / _cGeoffrey J. Walker ; [traducción de Jordi Beltrán]. |
| 250 | _a[1ª ed.]. | ||
| 260 |
_aBarcelona : _bAriel, _c[1979] |
||
| 300 |
_a352 p., 4 lám. ; _c22 cm. |
||
| 490 | 1 |
_aAriel historia ; _v25 |
|
| 700 | 1 |
_aBeltrán, Jordi ( _d1941-) _927364 |
|
| 830 | 0 | 0 |
_aAriel historia _v25 _9177690 |
| 852 |
_aES-MaACL _jL-145 _bR.100746 |
||
| 999 |
_c142064 _d142064 |
||